La República o Coloquios sobre la justicia / D. José Tomás y García, traductor

Uloženo v:
Podrobná bibliografie
Hlavní autor: Platón
Médium: Kniha
Jazyk:Undetermined
Vydáno: México, Distrito Federal Editora Nacional 1962
Témata:
Tagy: Přidat tag
Žádné tagy, Buďte první, kdo vytvoří štítek k tomuto záznamu!

MARC

LEADER 00000nam a2200000Ia 4500
008 170316s9999 xx 000 0 und d
090 |a 100 P-26r 
100 |a Platón 
245 |a La República o Coloquios sobre la justicia / D. José Tomás y García, traductor 
260 |a México, Distrito Federal 
260 |b Editora Nacional 
260 |c 1962 
300 |a 331 páginas Tomo II 
650 |a FILOSOFÍA 
650 |a FILOSOFÍA CLÁSICA 
650 |a POLÍTICA 
650 |a LA REPÚBLICA 
999 |c 17334  |d 17334 
040 |a cru BVZT 
942 |c 15 D  |h 100 P-26r  |2 z